| 000 | 00859nam a2200253Ia 4500 | ||
|---|---|---|---|
| 003 | OSt | ||
| 005 | 20220926005113.0 | ||
| 006 | a|||||r|||| 00| 0 | ||
| 007 | ta | ||
| 008 | 220923b |||||||| |||| 00| 0 eng d | ||
| 020 |
_a9788132105763 _c675.75 |
||
| 037 |
_bG-4655/11-12, 27/03/2012, Manohar Publishers & Distributors _cGeneral Book |
||
| 040 |
_aRTL _cRTL _beng |
||
| 041 |
_2eng _aeng |
||
| 082 | _aY:6.2, Q1 | ||
| 100 |
_aBasu Partha Pratim _9306497 |
||
| 245 | 0 |
_aLocating culrural change _b Theory, method, process. |
|
| 260 |
_a New Delhi _bSage Publications _c2011 |
||
| 300 |
_aix, 279p _ccm. |
||
| 650 | _aSociology | ||
| 700 |
_a Chanda Ipshita _9309740 |
||
| 942 |
_hY:6.2, Q1 _cGB _2CC |
||
| 999 |
_c613011 _d613011 |
||